| 000 | 01180nam a2200241Ia 4500 | ||
|---|---|---|---|
| 003 | Ost | ||
| 005 | 20260507075216.0 | ||
| 008 | 260507s9999||||xx |||||||||||||| ||und|| | ||
| 020 | _a98451199579 | ||
| 040 | _cfsecg | ||
| 041 | _aara | ||
| 082 | _a330 | ||
| 100 |
_aالمعماري، عبد الغفور حسن كنعان _eمؤلف |
||
| 245 | 0 |
_aاقتصاديات الانتاج الصناعي / _c عبد الغفور حسن كنعان المعماري |
|
| 260 |
_aعمان: _bدار وائل, _c2009 |
||
| 300 |
_a271 صفحة؛ _c24 سم |
||
| 504 | _aمراجع :لكل فصل مرجع(اقتناء 2014 03 نسخ) | ||
| 520 | _aدراسة الاقتصاد الصناعي ودوره في الاقتصاد الوطني و تاثيره على تركزالسوق و دور الاعلان في ترويج المنتجات الصناعية مع دور راس المال وعنصر العمل في الانتاج الصناعي وكذا نظريات الانتاج واستراتجيات التصنيع و النمو الاقتصادي. | ||
| 653 | _aالاقتصاد | ||
| 653 | _aالانتاج | ||
| 653 | _aالانتاج الصناعي | ||
| 942 | _cكتاب | ||
| 999 |
_c43494 _d43494 |
||